书目信息 |
| 题名: |
快乐学日语:社会篇
|
|
| 作者: | 刘文柱 编著 | |
| 分册: | ||
| 出版信息: | 北京 北京大学出版社 1998.08 |
|
| 页数: | 236页 | |
| 开本: | 32开 | |
| 丛书名: | ||
| 单 册: | ||
| 中图分类: | H36 | |
| 科图分类: | ||
| 主题词: | 日语 | |
| 电子资源: | ||
| ISBN: | 7-301-03340-0 | |
| 000 | 00554nam0 2200193 45 | |
| 001 | 0007281506 | |
| 005 | 20000728152147.1 | |
| 010 | @a7-301-03340-0@d15.00元 | |
| 100 | @a20000728d1998 km y0chiy0120 ea | |
| 101 | 0 | @achi |
| 105 | @a z 000yy | |
| 200 | 1 | @a快乐学日语:社会篇@AKuai Le Xue Ri Yu:She Hui Pian@f刘文柱等编著@FLiu Wen Zhu Deng Bian Zhu |
| 210 | @a北京@c北京大学出版社@d1998.08 | |
| 215 | @a236页@d32开 | |
| 606 | 0 | @a日语 |
| 690 | @aH36@v3 | |
| 701 | 0 | @a刘文柱@4编著 |
| 801 | @aCN@bPftUser@c20000728 | |
| 905 | @b80731-735@dH36@eL979@f5 | |
| 快乐学日语:社会篇/刘文柱等编著.-北京:北京大学出版社,1998.08 |
| 236页;32开 |
| ISBN 7-301-03340-0:15.00元 |
| ● |
| 相关链接 |
|
|
|
正题名:快乐学日语:社会篇
索取号:H36/L979
 
预约/预借
| 序号 | 登录号 | 条形码 | 馆藏地/架位号 | 状态 | 备注 |
| 1 | 80731 | 200807314 | 语言库209/209语言库 124排1列4层/ [索取号:H36/L979] | 在馆 | |
| 2 | 80732 | 200807323 | 语言库209/209语言库 124排1列4层/ [索取号:H36/L979] | 在馆 | |
| 3 | 80733 | 200807332 | 语言库209/209语言库 124排1列4层/ [索取号:H36/L979] | 在馆 | |
| 4 | 80734 | 200807341 | 语言库209/209语言库 124排1列4层/ [索取号:H36/L979] | 在馆 | |
| 5 | 80735 | 200807350 | 语言库209/209语言库 124排1列4层/ [索取号:H36/L979] | 在馆 |